00402nam a2200121Ia 4500008004100000024004700041082001800088100006100106245002900167260002500196600002100221650003800242250506s9999 xx 000 0 und d a02A-BCS3-18, 02A-BCS3-35 & 02A-BCS3-40 a647.94072 SYE aSyed Waqas Ahmed , Mubashir Qavi & Muhammad Hammad Ahsan 0aHotel Reservation System aKarachi:bUIT,c2002 aComputer Science aBachelor of Computer Science (BS)